Polymer Chemistry : (Record no. 11984)
[ view plain ]
| 000 -LEADER | |
|---|---|
| fixed length control field | 01200cam a2200313 a 4500 |
| 001 - CONTROL NUMBER | |
| control field | 4506651 |
| 005 - DATE AND TIME OF LATEST TRANSACTION | |
| control field | 20240818092921.0 |
| 008 - FIXED-LENGTH DATA ELEMENTS--GENERAL INFORMATION | |
| fixed length control field | 980428s1999 nyua b 001 0 eng |
| 010 ## - | |
| -- | 98023083 |
| 020 ## - INTERNATIONAL STANDARD BOOK NUMBER | |
| International Standard Book Number | 0195124448 (hardcover : acidfree) |
| 040 ## - CATALOGING SOURCE | |
| Original cataloging agency | DLC |
| Transcribing agency | DLC |
| Modifying agency | DLC |
| 050 00 - LIBRARY OF CONGRESS CALL NUMBER | |
| Classification number | QD381 |
| Item number | .S73 1999 |
| 082 00 - DEWEY DECIMAL CLASSIFICATION NUMBER | |
| Classification number | 547.7 |
| Edition number | 22 |
| Item number | STE |
| 100 1# - MAIN ENTRY--PERSONAL NAME | |
| 9 (RLIN) | 6760 |
| Personal name | Stevens, Malcolm P., |
| Dates associated with a name | 1934- |
| 245 10 - TITLE STATEMENT | |
| Title | Polymer Chemistry : |
| Remainder of title | An Introduction / |
| Statement of responsibility, etc | Malcolm P. Stevens. |
| 250 ## - EDITION STATEMENT | |
| Edition statement | 3rd ed. |
| 260 ## - | |
| -- | London : |
| -- | Oxford University Press, |
| -- | 1999. |
| 300 ## - PHYSICAL DESCRIPTION | |
| Extent | xix, 551 p. : |
| Other physical details | ill. ; |
| Dimensions | 25 cm. |
| 336 ## - CONTENT TYPE | |
| Source | rdacontent |
| Content type term | text |
| Content type code | txt |
| 337 ## - MEDIA TYPE | |
| Media type term | unmediated |
| Source | rdamedia |
| Media type code | n |
| 338 ## - CARRIER TYPE | |
| Carrier type term | volume |
| Carrier type code | nc |
| Source | rdacarrier |
| 504 ## - BIBLIOGRAPHY, ETC. NOTE | |
| Bibliography, etc | Includes bibliographical references (p. 517-525) and index. |
| 650 #0 - SUBJECT ADDED ENTRY--TOPICAL TERM | |
| Topical term or geographic name as entry element | Polymers. |
| 9 (RLIN) | 6761 |
| 650 #0 - SUBJECT ADDED ENTRY--TOPICAL TERM | |
| Topical term or geographic name as entry element | Polymerization. |
| 9 (RLIN) | 6762 |
| 856 42 - ELECTRONIC LOCATION AND ACCESS | |
| Materials specified | Publisher description |
| Uniform Resource Identifier | <a href="http://www.loc.gov/catdir/enhancements/fy0605/98023083-d.html">http://www.loc.gov/catdir/enhancements/fy0605/98023083-d.html</a> |
| 856 41 - ELECTRONIC LOCATION AND ACCESS | |
| Materials specified | Table of contents only |
| Uniform Resource Identifier | <a href="http://www.loc.gov/catdir/enhancements/fy0605/98023083-t.html">http://www.loc.gov/catdir/enhancements/fy0605/98023083-t.html</a> |
| 942 ## - ADDED ENTRY ELEMENTS (KOHA) | |
| Source of classification or shelving scheme | Dewey Decimal Classification |
| Koha item type | Book - Borrowing |
| Classification part | RDA-MOD |
| Withdrawn status | Lost status | Source of classification or shelving scheme | Damaged status | Not for loan | Collection code | Home library | Current library | Shelving location | Date acquired | Source of acquisition | Cost, normal purchase price | Total Checkouts | Full call number | Barcode | Date last seen | Price effective from | Koha item type |
|---|---|---|---|---|---|---|---|---|---|---|---|---|---|---|---|---|---|
| Dewey Decimal Classification | Alef-Baa | Central Library | Central Library | First floor | 23/06/2009 | 150.00 | 547.7 STE | 000017031 | 15/07/2025 | 23/06/2009 | Book - Borrowing |